Reducing water consumption in buildings (Record no. 112283)

MARC details
000 -LEADER
fixed length control field 01224cad a22002175a 4500
001 - CONTROL NUMBER
control field L152941
008 - FIXED-LENGTH DATA ELEMENTS--GENERAL INFORMATION
fixed length control field 110517s2011 xxkd f s f000 0 eng d
020 ## - INTERNATIONAL STANDARD BOOK NUMBER
International Standard Book Number 9781409828990
035 ## - SYSTEM CONTROL NUMBER
System control number (Sirsi) u152941
041 0# - LANGUAGE CODE
Language code of text/sound track or separate title eng
110 1# - MAIN ENTRY--CORPORATE NAME
Corporate name or jurisdiction name as entry element United Kingdom
Subordinate unit Department for Communities and Local Government
9 (RLIN) 4939
245 00 - TITLE STATEMENT
Title Reducing water consumption in buildings
Medium [electronic resource]
260 ## - PUBLICATION, DISTRIBUTION, ETC.
Place of publication, distribution, etc. London
Name of publisher, distributor, etc. DCLG
Date of publication, distribution, etc. 2011
520 ## - SUMMARY, ETC.
Summary, etc. Total demand for water is increasing in the United Kingdom. In its publication Maintaining water supply, the Environment Agency states that almost all of the water companies of England and Wales predict an increase in total demand for water over the next 25 years. This is driven by increasing household demand. The rise in household demand is expected despite increases in water meter penetration rates and is primarily driven by rising population and property forecasts.
521 ## - TARGET AUDIENCE NOTE
Target audience note Advanced
590 ## - LOCAL NOTE (RLIN)
Local note KA
651 #4 - SUBJECT ADDED ENTRY--GEOGRAPHIC NAME
Geographic name United Kingdom
Chronological subdivision
690 ## - LOCAL SUBJECT ADDED ENTRY--TOPICAL TERM (OCLC, RLIN)
Topical term or geographic name as entry element ENVIRONMENTAL AND LAND CONSULTANCY-ENERGY-ENERGY USE-ENERGY EFFICIENCY
856 40 - ELECTRONIC LOCATION AND ACCESS
Uniform Resource Identifier <a href="https://www.communities.gov.uk/documents/corporate/pdf/1898595.pdf">https://www.communities.gov.uk/documents/corporate/pdf/1898595.pdf</a>
Public note View this item free of charge at www.communities.gov.uk
942 ## - ADDED ENTRY ELEMENTS (KOHA)
Suppress in OPAC 0
Holdings
Withdrawn status Lost status Source of classification or shelving scheme Damaged status Not for loan Home library Current library Shelving location Date acquired Total Checkouts Full call number Barcode Date last seen Copy number Price effective from Koha item type
    Dewey Decimal Classification     Virtual Virtual Online 17/05/2011   ONLINE PUBLICATION 152941-2001 06/08/2019 1 06/08/2019 Book